STN ISO 9355-2: 2001 (83 2093) [neplatná], Ergonomické požiadavky na navrhovanie displejov a ovládacích zariadení Časť 2 Displeje
Táto norma obsahuje ISO 9355-2
| Main Author: | |
|---|---|
| Corporate Author: | |
| Other Authors: | |
| Format: | Book |
| Language: | Slovak English |
| PhysicalDescription: | 20 s. obr., tab. 30 cm |
| Published: |
Bratislava
Slovenský ústav technickej normalizácie
2001
|
| Subjects: |
MARC
| LEADER | 00000nam a2200000 a 4500 | ||
|---|---|---|---|
| 001 | vtls010345293 | ||
| 003 | SK-MaSNL | ||
| 005 | 20260301173532.0 | ||
| 008 | 130117s2001 xo a f u 000 0 slo | ||
| 015 | |a SNBN2015 | ||
| 020 | |c (cen. skup. 11) | ||
| 040 | |a SNK |b slo |c SNK |e AACR2 | ||
| 041 | 1 | |a slo |h eng | |
| 044 | |a xo |c SK | ||
| 046 | |a m |m 200109 (účin.) |n 20040801 (zruš.) | ||
| 072 | 7 | |a 331 |x Práca |2 konspekt | |
| 072 | 7 | |a 613 |x Hygiena. Ľudské zdravie |2 konspekt | |
| 080 | |a 331.101.1 |2 2001 | ||
| 080 | |a 006.7/.8 |2 2001 | ||
| 080 | |a (437.6) |2 2001 | ||
| 080 | |a (4) |2 2001 | ||
| 080 | |a (083) |2 2001 | ||
| 080 | |a 613.65 |2 2001 | ||
| 080 | |a 004.354.3 |2 2001 | ||
| 080 | |a 331.43/.47 |2 2001 | ||
| 080 | |a 613.6.02 |2 2001 | ||
| 084 | |a 13.180 |2 ICS | ||
| 084 | |a 35.180 |2 ICS | ||
| 130 | 0 | |a STN 83 2093 (STN ISO 9355-2) [neplatná] |9 544579 | |
| 245 | 1 | 0 | |a STN ISO 9355-2: 2001 (83 2093) [neplatná], Ergonomické požiadavky na navrhovanie displejov a ovládacích zariadení |n Časť 2 |p Displeje |
| 246 | 1 | 0 | |a Ergonomické požiadavky na navrhovanie displejov a ovládacích zariadení |
| 246 | 1 | 0 | |a Displeje |
| 260 | |a Bratislava |b Slovenský ústav technickej normalizácie |c 2001 | ||
| 300 | |a 20 s. |b obr., tab. |c 30 cm | ||
| 500 | |a Súbežný názov v angličtine, francúzštine, nemčine | ||
| 500 | |a Spracovateľ: PLUS servis Bratislava, Juraj Zachar ; SÚTN Bratislava, Ján Škamla | ||
| 504 | |a Citované normy s. 2 ; literatúra s. 19 | ||
| 520 | 8 | |a Táto norma obsahuje ISO 9355-2 | |
| 540 | |a STN vydané na akomkoľvek nosiči sa môžu rozmnožovať a rozširovať iba so súhlasom určenej právnickej osoby |b SÚTN Bratislava |c zákon 264/1999 Z.z. | ||
| 650 | 0 | 7 | |a ergonómia |2 SNKPH |9 19132 |
| 650 | 0 | 7 | |a technické normy a štandardy |z krajiny Európskej únie |2 SNKPH |9 289341 |
| 650 | 0 | 7 | |a Human engineering |2 SNKPHeng |9 300387 |
| 650 | 0 | 7 | |a technické normy a štandardy |z Slovensko |2 SNKPH |9 79594 |
| 650 | 0 | 7 | |a pracovné polohy |2 SNKPH |9 544580 |
| 650 | 0 | 7 | |a Working postures |2 SNKPHeng |9 544581 |
| 650 | 0 | 7 | |a dotykové displeje |2 SNKPH |9 84757 |
| 650 | 0 | 7 | |a Touch screens |2 SNKPHeng |9 544582 |
| 650 | 0 | 7 | |a ergonomické riziká |2 SNKPH |9 56702 |
| 650 | 0 | 7 | |a Ergonomic risks |2 SNKPHeng |9 544583 |
| 655 | 7 | |a normy |2 SNKPH |9 70643 | |
| 700 | 1 | |a Škamla, Ján, |c Ing |4 aut |9 314745 | |
| 700 | 1 | |a Zachar, Juraj |4 trl |9 315024 | |
| 710 | 2 | |a Slovenský ústav technickej normalizácie |4 stn |9 32706 | |
| 710 | 2 | |a PLUS servis (Bratislava, Slovensko) |4 trl |9 315025 | |
| 958 | |a OP | ||
| 958 | |a NB | ||
| 999 | |c 836946 |d 838876 | ||
| 952 | |a SNK |b SNK |y PREZ |7 0 |p 17A0879764 |o snkSTN ISO 9355-2 |i snk2012/5508 |8 0 |0 0 |1 0 |4 0 |d 2012-03-02 |l 0 |r 2026-02-24 03:57:47 |w 2026-02-24 | ||
| 952 | |a SNK |b SNK |y PREZ |7 0 |p 17A0879763 |o snkSTN ISO 9355-2 D1 |i snk2012/5509 |8 0 |0 0 |1 0 |4 0 |d 2012-03-02 |l 0 |r 2026-02-24 03:57:47 |w 2026-02-24 | ||


